Boys and Girls - Décodeur - Statistiques

Statistiques générales
  • Ce quiz a été pris 99 fois
  • Le résultat moyen est 6 sur 13
Statistiques - réponses
Groupes Indices Réponse % Correct
Indices S Groupe de musique britannique symbole du girl power et dont le premier single est Wannabe. {Spice} {Girls}
89%
Indices C Garçons et filles de ferme devenus des mythes au travers du rodéo et du western. Cow-boy | Cow-girl
82%
Indices B Comédie policière américaine dans laquelle jouent Will Smith et Martin Lawrence. {Bad} {Boys}
74%
Indices H Personnage à demi démon de comics à la peau rouge et aux cornes limées. {Hellboy}
71%
Indices T Série télévisée de super-héros adaptée d'un comics ayant pour antagoniste Homelander. {The} {Boys}
67%
Indices B Boys band le plus vendeur de l'Histoire et notamment connu pour I want it that way. {Backstreet} {Boys}
52%
Indices A Créé par Tezuka, ce petit robot est éponyme du premier animé japonais. {Astro} {Boy}
45%
Indices Y Plus célèbre club de football de Berne. BSC {Young} {Boys}
45%
Indices O L'un des plus célèbres films sud-coréens, réalisé par Park Chan-wook et sorti en 2003. {Old} {Boy}
31%
Indices E Plus gros créateur francophone de JetPunk dont le pseudonyme est tiré du personnage précédent. {Elboy}
27%
Indices H Traduction de "l'enfance", ce film de Richard Linklater a été tourné sur 12 ans et a remporté le BAFTA award 2015. {Boyhood}
26%
Réponse finale The Beach Boys
24%
Indices E Terme péjoratif désignant une personne, généralement une femme, cherchant à attirer l'attention sur Internet. E-girl | E-boy
16%
Aucun quiz correspondant
Distribution des résultats
% des personnes avec chaque résultat
Percentile par nombre de réponses
Votre historique - résultats
Vous n’avez pas pris ce quiz